| 000 | 00552nam a22001697a 4500 | ||
|---|---|---|---|
| 999 |
_c14931 _d14931 |
||
| 003 | AR-CdUCM | ||
| 008 | 190425b ||||| |||| 00| 0 spa d | ||
| 040 |
_aMUNICIPALIDAD PROVINCIAL DEL CUSCO _cBIBLIOTECA MUNICIPAL DEL CUSCO |
||
| 082 |
_aC / 051 / _bK86 |
||
| 245 |
_aKosko : _brevista libre / |
||
| 260 |
_aCusco : _bTrabajo, _c1925. |
||
| 300 |
_a22 pƔginas ; _c27 cm. |
||
| 440 |
_aKosko _n34 _933905 |
||
| 505 | _aLas horas de espectación -- De un ensayo cerca de la literatura -- Lima por dentro y fuera... | ||
| 942 |
_2ddc _cPP |
||
| 945 | _awfj | ||